| 000 | 00000nam##2200000za#4500 |
| 001 | 9.574561 |
| 003 | CaOODSP |
| 005 | 20241203113634 |
| 007 | cr ||||||||||| |
| 008 | 150406|2001||||xxc|||||o f|0| 0 eng|d |
| 040 | |aCaOODSP|beng |
| 043 | |an-cn--- |
| 086 | 1 |aEn49-24/1-38E-PDF |
| 110 | 1 |aCanada. |bEnvironment Canada. |
| 245 | 10|aGuidance document for flow measurement of metal mining effluents : |h[electronic resource]|bfinal report / |c[by Eric Luxon, Donald Weatherbe, Robert Whyte]. |
| 260 | |aOttawa - Ontario : |bEnvironment Canada |cApril 2001. |
| 300 | |a40p.|bfigs., map, references, table |
| 490 | 1 |aEnvironmental protection series. [Mining and ore processing]|vEPS 2/MM/4 |
| 500 | |aThe catalogue number (En49-14/1-38E) and ISBN (0-660-18240-8) for the print edition have been incorrectly copied in this electronic publication. |
| 590 | |a12-29-Supp|b2012-06-25 |
| 690 | 07|aIndustrial waste|2gcpds |
| 690 | 07|aMining industry|2gcpds |
| 720 | 1 |aLuxon, Eric |
| 720 | 1 |aWeatherbe, Donald |
| 720 | 1 |aWhyte, Robert |
| 775 | 08|tDocument d'orientation pour les mesures de débit des effluents de mines de métaux : |w(CaOODSP)9.604303 |
| 776 | 0#|tGuidance document for flow measurement of metal mining effluents / |w(CaOODSP)9.535766 |
| 776 | 0#|tDocument d'orientation pour les mesures de débit des effluents de mines de métaux / |w(CaOODSP)9.535767 |
| 830 | #0|aEnvironmental protection series. [Mining and ore processing]|vEPS 2/MM/4|w(CaOODSP)9.504496 |
| 856 | 40|ahttp://publications.gc.ca|qPDF|s495 KB|uhttps://publications.gc.ca/collections/Collection/En49-24-1-38E.pdf|yEPS 2/MM/4 |